000 00536nam a2200181Ia 4500
008 090123s9999 xx 000 0 und d
082 _b3705
100 _aत.रा.सु.
245 _aएरडू हेण्णू वंदु गंडु
250 _a5
260 _c1974
300 _a232
600 _aत.रा.सु.
630 _aएरडू हेण्णू वंदु गंडु
700 _aत.रा.सु.
730 _aएरडू हेण्णू वंदु गंडु
942 _cBOOK
999 _c41784
_d41784